000 01035nam a22003137a 4500
003 CHAP
005 20220329135412.0
008 971013s1970 r 00010 d
010 _a35830
011 _a36802
035 _a40921
040 _cCHAP
082 _a664.0288
_bO74
110 _aOrganismo Internacional de Energía Atómica
_983512
245 _aTraining manual on food irradiation technology and techniques
260 _aVienna :
_bOIEA,
_c1970
300 _a174 p.
_b: ilus. ; gráfs.
490 _aTechnical reports series
_v; 114
590 _aBATCH-UPD
_b10
_c20130110
_lUCH01
_h1152
590 _aBATCH-UPD
_b10
_c20130410
_lUCH01
_h0736
590 _aBATCH-UPD
_b10
_c20130914
_lUCH01
_h0233
590 _aCONVERSION
_b10
_c20130109
_lUCH01
_h1320
650 1 4 _aAlimentos irradiados.
_94314
650 1 4 _aRadiación
_xEfecto en alimentos.
_993665
830 0 _aTechnical reports series
_v; 114
_9111913
901 _aBK
942 _cLIBRO
949 _a664.0288 O74
_bBC
_cLIBRO
_d33724000133807
_eLIBRO
_h65121
_i40921
_si
999 _c35830
_d35830